[Event "Gausdal GM-A"]
[Site "Gausdal"]
[Date "2005.04.21"]
[Round "9"]
[White "Carlsen, Magnus"]
[Black "Lie, Kjetil A"]
[Result "1-0"]
[WhiteElo "2548"]
[BlackElo "2495"]
[Annotator "Stohl,Igor"]
[PlyCount "117"]
[EventDate "2005.04.13"]
[EventType "tourn"]
[EventRounds "9"]
[EventCountry "NOR"]
[EventCategory "10"]
[SourceTitle "CBM 107"]
[Source "ChessBase"]
[SourceDate "2005.08.01"]
[SourceVersion "1"]
[SourceVersionDate "2005.08.01"]
[SourceQuality "1"]

1. d4 Nf6 2. Nf3 g6 3. g3 Bg7 4. Bg2 O-O 5. O-O d6 6. c4 c6 7. Nc3 Qb6 8. h3 (8. Qc2) ({or} 8. e3 $5 {are better tries to fight for an edge.}) 8... Qa6 9. b3 b5 10. Bg5 $5 {[%mdl 512] A rare sacrificial alternative. White needs some new ideas to enliven the position, as currently the whole line is considered rather innocuous. The main moves are:} (10. cxb5 cxb5 11. Qd3 b4 12. Ne1 {runs into} Bxh3 $1 $11 {/ and Black is fine.}) (10. Nd2 bxc4 11. Nxc4 Be6 12. Ne3 (12. Nd2 Nd5 (12... d5 $6 13. Bb2 Nbd7 14. Na4 Ne8 15. Nf3 f6 16. Ne1 Bf7 17. Nd3 Nd6 18. Rc1 Rac8 19. Rc2 Rfe8 20. Qc1 $36 {Safin,S-Strikovic,A/Yerevan olm/1996/}) 13. Ndb1 Nxc3 14. Nxc3 Nd7 15. Bb2 Rab8 16. Qd2 Rfc8 17. Rac1 Nb6 18. Kh2 Qa5 19. Rfd1 Qb4 20. Ne4 Qxd2 21. Rxd2 a5 22. Ng5 Bh6 23. f4 {½,Gorelov,S-Titov,G/Moscow/1986/} Bxg5 24. fxg5 a4 $11) (12. Qd3 Nbd7 (12... Nd5 13. Bb2 Nb6 14. d5 Nxc4 15. bxc4 Bf5 16. e4 Bd7 17. Rab1 Qa5 18. Ne2 Na6 19. Bxg7 Kxg7 20. Qd4+ f6 21. Rb2 Nc5 22. f4 Rab8 $132 {Szmetan,J-Tempone,M/Villa Ballester/1996/}) 13. Ne5 Qxd3 14. Nxd3 Nb6 15. Bb2 Rac8 16. Rfc1 a5 17. e3 g5 18. e4 Nfd7 19. Nd1 f5 20. Ne3 fxe4 21. Bxe4 c5 $11 {Dautov,R-Smirin,I/BLR-ch Minsk/1987/}) 12... Nbd7 13. Bb2 Rfc8 (13... Rac8 14. Nc2 Rc7 15. e4 Nb6 16. Kh2 Rb8 17. Rb1 Qc8 18. f4 c5 (18... a5 $5 $13) 19. d5 Bd7 20. Qd2 Ne8 21. Rfe1 a5 22. Na3 c4 23. Rec1 Rc5 24. Bf1 cxb3 25. axb3 {Fancsy,I-Wells,P/Budapest/1994/} Qb7 $132) 14. Rc1 Rab8 15. Qd2 Nb6 16. f4 c5 17. d5 Bd7 18. Ra1 Qa5 19. Kh2 Ne8 20. f5 Nf6 21. Qd3 Be8 22. fxg6 hxg6 23. Rac1 c4 $1 24. bxc4 Nbd7 $44 {,Agdestein,S-Bischoff,K/Dortmund/1987/}) 10... bxc4 11. bxc4 Qxc4 12. Rc1 Ba6 (12... Nbd7 13. e4 $44 {[%cal Re4e5,Rc3d5] d5,e5}) (12... h6 $5 13. Bd2 (13. Bxf6 Bxf6 14. Ne4 Qxa2 15. Nxf6+ exf6 16. Ra1 Qe6 17. Qd2 Kg7 $44 {/ White has some compensation, but it's barely enough for two .}) 13... Qe6 14. Re1 Ba6 (14... Nbd7 15. e4 Nb6 16. e5 Nfd5 17. Nxd5 cxd5 18. Bf4 $44) 15. e4 Bc4 $13) 13. Re1 $146 (13. e4 h6 14. Bd2 e5 (14... Qe6 $5 15. Re1 {-12...h6!?}) 15. dxe5 dxe5 16. Nd5 $5 cxd5 $6 (16... Qxa2 $1 {} 17. Ra1 Qb2 $8 18. Rb1 Qa2 $11) 17. Rxc4 Bxc4 18. Nxe5 $1 Bxf1 19. Kxf1 Nxe4 $2 (19... dxe4 20. Qb3 $32 {}) 20. Bb4 Rd8 21. Nxf7 $1 Nc6 22. Nxd8 Rxd8 23. Ba5 {1-0,Berkes,F-Stokke,K/Stockholm/2003/}) ({RR} 13. e4 h6 14. Bd2 e5 15. dxe5 dxe5 16. Nd5 cxd5 17. Rxc4 Bxc4 18. Nxe5 Bxf1 19. Kxf1 Nxe4 20. Bb4 Rd8 21. Nxf7 Nc6 22. Nxd8 Rxd8 23. Ba5 {1-0 (23) Berkes,F (2616)-Stokke,K (2197) Stockholm 2003}) 13... Qb4 (13... Nbd7 $6 14. e4 $36 {[%cal Rg2f1,Ye4e5] f1,e5}) (13... h6 {still seems better.}) 14. e4 $32 {[%csl Gd4,Ge4] } e5 $6 {Returns the , but doesn't relieve the pressure - now White will have equal material and a positional advantage.} (14... Rd8 15. Bd2 (15. Qc2 $5 $44) 15... Qb7 16. e5 $36) 15. dxe5 dxe5 16. Nxe5 Qa5 (16... Re8 17. Nxc6 Nxc6 18. Bxf6 Bxf6 19. Nd5 Qd6 20. Rxc6 $1 Qxc6 21. e5 Rxe5 22. Ne7+ (22. Rxe5 Kg7 $11) 22... Rxe7 23. Bxc6 $16) 17. Nxf7 $6 {Was this really necessary?} (17. Bxf6 Bxf6 18. Nxc6 $1 Nxc6 19. Nd5 Be5 20. Rxc6 $16 {gives White a healthy extra  and reasonable chances to convert his advantage.} Qxa2 $140 $2 21. Nb4 $18) 17... Rxf7 18. e5 Nbd7 $2 {[%mdl 8192] Black buckles under the pressure and returns the extra piece immediately. The only consistent move was} (18... Ne8 {I don't see anything concrete for White, who must still prove he has enough for a whole piece after, e.g.,} 19. Bd8 Qb4 20. e6 Rf5) 19. exf6 Nxf6 (19... Qxg5 20. fxg7 {[%cal Rc3e4] e4}) 20. Bxf6 (20. Be3 Rd8 21. Qa4 $36) 20... Bxf6 (20... Rxf6 21. Nd5 $1 $16) 21. Ne4 Be7 {Black is more or less forced to give the ×c6, as without his dark-squared  he is unable to defend his  properly.} (21... Bb5 22. Nxf6+ Rxf6 23. Re5 $1 $40 {[%csl Rg8][%cal Rg2c6] c6,ע}) (21... Qxa2 22. Rxc6 Bg7 23. Rc2 $18 {f6} (23. Nd6 Qxf2+ 24. Kh1 Rd8 25. Bd5 Bb7 26. Nxb7 Rxd5 27. Re8+ Bf8 28. Qxd5 Qf1+ 29. Kh2 Qf2+ 30. Qg2 Qxg2+ 31. Kxg2 Rxb7 $14)) 22. Rxc6 $16 Bb7 23. Re6 Rd8 (23... Qxa2 $2 24. Rxe7 $1 Rxe7 25. Nf6+ Kf7 (25... Kf8 26. Qd6 $18) 26. Rxe7+ Kxe7 27. Bxb7 Rd8 28. Bd5 $40 {} Qa6 29. Qe1+ $1 Kxf6 30. Qc3+ Ke7 31. Qg7+ Kd6 32. Qf6+ $18) 24. Qe2 {[%cal Re6e7]} Bxe4 {The best way to meet the threat e7.} (24... Qf5 25. Rxe7 Rxe7 26. Nf6+ Qxf6 27. Qxe7 Qxe7 28. Rxe7 Bxg2 29. Kxg2 a6 30. Re6 $18) (24... Bb4 25. Rc1 $40) 25. Qxe4 Bc5 26. Re2 Rdf8 27. Qd5 Qb4 (27... Kg7 28. Kh2 $16 {is similar to the game.} Rxf2 $140 29. Rxf2 Rxf2 30. Re7+ $1 Kh6 31. g4 Qd2 32. g5+ $1 Qxg5 33. Rxh7+ Kxh7 34. Qxg5 $18) 28. Kh2 Kg7 (28... Bxf2 $2 29. Rxf2 Rxf2 30. Rxg6+ Kh8 31. Qe5+ $18) 29. Qe5+ (29. f4 Qd4 $16) 29... Kg8 30. a3 {This allows Black to exchange , White could have played for the  with} (30. f4 $142 $1 $40 {as now Black can't simplify:} Qd4 $2 31. Qxd4 Bxd4 32. Bd5 Rf5 (32... Kg7 33. R6e4 $18) 33. Rxg6+ Kh8 34. Rd6 $18) (30. Rc6 $5 $40) 30... Qd4 $1 (30... Qxa3 $2 31. Rc6 {[%cal Rg2d5] d5+-}) 31. Qxd4 Bxd4 32. f4 Kg7 $14 {[%csl Gd4] /, Black has survived the worst and can fight on in the .} 33. Bd5 Bf6 34. h4 Rd7 35. Be4 Rfd8 36. Kh3 Rd6 37. Rxd6 Rxd6 38. Rc2 Rd7 39. Kg4 Be7 40. a4 Rd4 41. Bc6 h5+ $6 {[%csl Rg6] ×g6} (41... Kf6 $142) 42. Kh3 Bd6 43. Kg2 Bb4 44. Kh3 Bd6 (44... Kf6 $16) (44... a5 45. Be8 Rd6 $16) 45. Be8 $1 Rd3 46. Kg2 Re3 (46... a5 47. Rc6 {[%csl Ra5][%cal Rc6a6] a6+-}) 47. Rc6 $1 Re6 (47... Rxe8 48. Rxd6 Re7 49. Kf3 $18 {is a hopeless , White has an extra  and a more active .}) (47... Bxf4 48. Rxg6+ Kf8 49. gxf4 Rxe8 50. Ra6 {is similar:} Re4 51. Kf3 Re7 52. Ra5 $18) 48. Ra6 $18 {Now Black must either go for the  form the aobve note, or lose the a7.} Kf8 49. Bb5 Rf6 50. Bd3 $5 Kg7 51. Rxa7+ Kf8 52. a5 Bb4 53. a6 Rd6 54. Rc7 Rxd3 55. Rc8+ Kg7 56. a7 Rd2+ 57. Kf3 Rd3+ 58. Ke4 Ra3 59. a8=Q 1-0

[Event "NOR-chT"]
[Site "Moss"]
[Date "2005.05.06"]
[Round "3"]
[White "Fyllingen, Roy Harald"]
[Black "Carlsen, Magnus"]
[Result "1-0"]
[WhiteElo "2386"]
[BlackElo "2543"]
[PlyCount "93"]
[EventDate "2005.05.04"]
[EventType "team"]
[EventRounds "5"]
[EventCountry "NOR"]
[SourceTitle "EXT 2007"]
[Source "ChessBase"]
[SourceDate "2006.11.23"]
[SourceVersion "1"]
[SourceVersionDate "2006.11.23"]
[SourceQuality "1"]

1. d4 {Ftacnik,Lubomir} Nf6 2. c4 e6 3. Nf3 d5 4. Nc3 c6 5. e3 Nbd7 6. Qc2 Bd6 7. Be2 O-O 8. O-O dxc4 9. Bxc4 a6 10. Rd1 ({RR} 10. Bd2 c5 11. dxc5 Nxc5 12. Be2 b5 13. b4 Ncd7 14. Ne4 Be7 15. Nxf6+ Bxf6 16. Bc3 Bb7 17. Bxf6 Nxf6) 10... b5 ({RR} 10... Qc7 11. Ne4 Nxe4 12. Qxe4 b5 ({RR} 12... e5 13. Qh4 Nf6 14. e4 exd4 15. e5) 13. Bd3) 11. Be2 ({RR} 11. Bf1 c5 ({RR} 11... Qc7) 12. dxc5 Bxc5 13. Ng5 Bb7 14. Nce4 Nxe4 ({RR} 14... Rc8 15. Nxf6+) 15. Nxe4 Be7 ({RR} 15... Rc8 16. Nxc5 Rxc5 17. Qe2 Qc7 18. Bd2 Ne5 19. Bb4 Rc2 20. Qh5 Rxb2 21. Rac1 Rc2 22. Bd6 Nf3+ 23. gxf3 Rxc1 24. Bxc7 Rxd1 25. f4) 16. Nd6 Bd5 ({RR} 16... Bxd6 17. Rxd6 Bd5 18. e4 Rc8 19. Qd1 Bc6 20. Be3) 17. e4 Bxd6 18. exd5 Rc8 ({RR} 18... e5 19. a4) 19. Qe2 exd5 20. Rxd5 Nf6 21. Rd3 Qc7 22. g3 Bc5 23. Be3 Bxe3 24. Rxe3 Rfe8) ({RR} 11. Bd3 Bb7 12. e4 e5 13. dxe5 Nxe5 14. Nxe5 Bxe5 15. Bxb5 Bxh2+ 16. Kh1 Qe7 17. Be2 Be5 18. Bf3 c5 19. Be3 Rfe8 20. Kg1 Bxc3 21. bxc3 Bxe4 22. Bxe4 Nxe4 23. Rab1 Qe5) 11... Qc7 ({RR} 11... c5 12. dxc5 Bxc5 ({RR} 12... Nxc5 13. b4) 13. Ne4 Nxe4 ({RR} 13... Qb6 14. Nxc5 Nxc5 15. b3 Bb7 16. Bb2 Be4 17. Qc1 Ncd7 18. Bd4 Qb7 19. Qb2 Rfc8 20. Rac1) 14. Qxe4 Ra7 ({RR} 14... Qc7 15. b4 Bb6 16. Bb2 Bb7 17. Qg4) 15. b4 Bb7 16. Qf4 Bxf3 ({RR} 16... Be7 17. Ne5 Bd5 18. Rxd5 exd5 19. Nc6) 17. Bxf3 Be7 18. Bb2 Qb8 19. Rac1 ({RR} 19. a4 Qxf4 20. exf4 bxa4 21. Rxa4 Nb6) 19... Bf6 20. Bxf6 Nxf6 21. a3) 12. Ne4 ({RR} 12. e4 e5 13. g3 ({RR} 13. h3 Bb7 14. dxe5 Nxe5 15. Bg5 Nxf3+ 16. Bxf3 Be5 17. Bxf6 gxf6) 13... Re8 14. a3 Bb7 ({RR} 14... exd4 15. Nxd4 c5 16. Ndxb5 axb5 17. Nxb5) 15. Bg5 exd4 ({RR} 15... h6 16. dxe5 Bxe5 ({RR} 16... Nxe5 17. Bxf6 gxf6 18. Qd2 Rad8 19. Qxh6) 17. Nxe5 hxg5 18. Nxd7 Nxd7 19. Qd2 Nf6 20. Qxg5 Nxe4 21. Nxe4 Rxe4 22. Bf3 Re5 ({RR} 22... Qe5 23. Qd2 Rc4 24. Qd7) 23. Rd7 Qxd7 ({RR} 23... Rxg5 24. Rxc7 Rb8 25. Re1) 24. Qxe5) 16. Nxd4 Be5) 12... Nxe4 ({RR} 12... Be7 13. Nxf6+ Nxf6 14. e4) 13. Qxe4 e5 14. Qh4 ({RR} 14. h3 Bb7 15. Qc2 c5 16. Ng5 Nf6 17. dxc5 Qxc5 18. Qxc5 Bxc5 19. Nf3 e4 20. Nd4 Rfd8 21. a4 b4 22. Nb3 Be7 23. Bd2 Bd5 24. Na5 h6 25. Rac1 Rac8 26. Bxa6 Ra8 27. Nc6 Bxc6 28. Rxc6 b3 {Wang,H (2435)-Tenuunbold,B (2119) Paracin SRB 2025 1-0 (49)}) 14... Re8 ({RR} 14... h6) 15. Bd3 h6 ({RR} 15... Nf6 16. dxe5 Bxe5) 16. Bc2 c5 $146 ({RR} 16... Bb7 17. e4 Rad8 18. Be3 exd4 19. Nxd4 Ne5 20. Nf5 Ng6 21. Qh5 Bf8 22. h4 c5 23. Qg4 h5 24. Qxh5 Bxe4 25. Rxd8 Qxd8 26. Bxe4 Rxe4 27. Rd1 Qf6 28. Qf3 Re6 29. h5 Ne5 30. Qh3 Nc4 31. b3 {Schlosser,P (2505)-Haimovich,T (2280) Herzliya 1998 ½-½ (31)}) ({RR} 16... exd4 17. Qxd4 ({RR} 17. Nxd4 Nf6 18. Nf5 Bxf5 19. Bxf5 Rad8 20. Bd2 Be5) ({RR} 17. exd4 Be7 18. Bg5 Bxg5 19. Nxg5 Nf6 20. Ne4 Nxe4 21. Bxe4 Qd6 22. Re1 Be6) 17... Bf8 18. b3 Nf6 19. Qh4 ({RR} 19. Bb2 Bg4 20. Rac1 Rad8) 19... g5 ({RR} 19... Bg4 20. Bb2 Bxf3 21. gxf3 Be7 22. Kh1) 20. Qg3 ({RR} 20. Qd4 Bg7 21. Bb2 Nh5) 20... Qxg3 21. hxg3 c5 22. Bb2 Bg7 ({RR} 22... Be7) 23. Rd6 Be6 24. Rad1 Rec8 25. Bxf6 Bxf6 26. Be4 Ra7 27. Bd5 ({RR} 27. Bf5 Bxf5 28. Rxf6 Bc2 29. Rd2 Kg7 30. Rdd6) 27... Bxd5 ({RR} 27... Be7 28. Rxe6) 28. R1xd5 ({RR} 28. Rxf6 Kg7 29. Rd6 Bxf3 30. gxf3 c4) 28... Kg7 29. Rd2 Be7 ({RR} 29... c4 30. bxc4 Rxc4) 30. Rb6 Bd8 31. Rbd6 {Karpov,A (2735)-Anand,V (2770) Lausanne 1998 CBM 063 [Ftacnik,Lubomir] ½-½ (55)}) ({RR} 16... Bb7 17. e4 Rad8 18. Be3) 17. d5 c4 18. e4 Qd8 19. Qg3 Qf6 20. a4 Bb7 21. axb5 axb5 22. Rxa8 Rxa8 23. Nh4 Kh7 24. Nf5 Bc5 25. h4 b4 26. Qh3 Bc8 27. g4 b3 28. Bb1 Ra1 29. Bd2 Qg6 30. h5 Qb6 31. Qf3 Nf6 32. Kg2 Kg8 33. g5 hxg5 34. Bxg5 Nh7 35. Bh4 Bxf5 36. Qxf5 Qd6 37. Bg3 Nf6 38. Bxe5 Qd7 39. Qxd7 Nxd7 40. Bc3 Bd6 41. e5 Bxe5 42. Bxe5 Rxb1 43. Rxb1 Nxe5 44. Rc1 Kf8 45. f4 Nd3 46. Rxc4 Nxb2 47. Rc3 1-0

[Event "NOR-chT"]
[Site "Moss"]
[Date "2005.05.07"]
[Round "4"]
[White "Johannessen, Leif Erlend"]
[Black "Carlsen, Magnus"]
[Result "1-0"]
[WhiteElo "2531"]
[BlackElo "2543"]
[PlyCount "65"]
[EventDate "2005.05.04"]
[EventType "team"]
[EventRounds "5"]
[EventCountry "NOR"]
[SourceTitle "EXT 2007"]
[Source "ChessBase"]
[SourceDate "2006.11.23"]
[SourceVersion "1"]
[SourceVersionDate "2006.11.23"]
[SourceQuality "1"]

1. d4 {Psakhis,Lev} Nf6 2. c4 e6 3. Nf3 c5 4. e3 d5 5. Nc3 Nc6 6. cxd5 Nxd5 7. Bd3 cxd4 8. exd4 Be7 9. O-O O-O 10. Re1 Nf6 11. a3 b6 12. Bg5 ({RR} 12. Bc2 Bb7 13. Qd3) 12... Bb7 13. Bc2 Ba6 ({RR} 13... h6 14. Bh4 ({RR} 14. Bf4 Bd6 15. Be5 Rc8 16. Qe2 Na5 17. Qd3 g6 18. Bxd6 Qxd6 19. Ne5 Rc7 20. Rad1 Rfc8) 14... Nh5 ({RR} 14... Nd5 15. Qd3 g6 16. Re4 Rc8 17. Rg4 Qe8 18. Nxd5 exd5 19. Re1 Rc7 20. Re6 Bc8 ({RR} 20... fxe6 21. Rxg6+ Kh7 22. Rg7+ Kxg7 23. Qh7#) 21. Rexg6+ fxg6 22. Rxg6+ Kf7 23. Bg3 Bd8 24. Rxh6) 15. d5 ({RR} 15. Qd3 g6 16. Re4) 15... Bxh4 ({RR} 15... exd5 16. Qd3 f5 17. Bxe7 ({RR} 17. Qxd5+ Qxd5 18. Nxd5 Bxh4 ({RR} 18... Bd6 19. Rad1) ({RR} 18... Bd8 19. Bxd8 Raxd8 20. Rad1) 19. Nxh4 Nd4 ({RR} 19... Rad8 20. Rad1) 20. Ne7+ Kf7 21. Bxf5 Nf4) 17... Nxe7 18. Nd4 Rf7 ({RR} 18... Re8 19. Ba4) 19. Ne6 ({RR} 19. Rad1)) 16. dxc6 Bxc6 17. Ne5 Bxf2+ ({RR} 17... Qf6 18. g3) ({RR} 17... Qxd1 18. Bxd1 Bxg2 19. Bxh5 Bb7 20. Rad1) 18. Kxf2 Qh4+ 19. Kg1 Rad8 20. Nxc6 ({RR} 20. Bh7+ Kxh7 ({RR} 20... Kh8 21. Qc2 Bb7 22. Be4) 21. Qc2+ g6 22. Nxc6 Rd6 23. Ne4 Rd5 24. Qf2 Qxf2+ 25. Nxf2) ({RR} 20. Qg4 Qxg4 21. Nxg4 Bxg2 ({RR} 21... Rd2 22. Re2 Rfd8 23. Rd1) 22. Kxg2 Rd2+ 23. Re2 Nf4+) 20... Rxd1 21. Raxd1 Nf6 22. Ne5 ({RR} 22. h3 Nh5) 22... Ng4 23. Nxg4 Qxg4 24. Rd7 Qg5 25. h3 ({RR} 25. Rxa7 Qd2 26. Re2 Qc1+ 27. Nd1 Rd8) 25... Qc5+ 26. Kh1 b5 27. Rb7 a6 ({RR} 27... Qf2 28. Re2 Qf1+ 29. Kh2 a6) 28. Rf1 {Polgar,J (2670)-Karpov,A (2735) Budapest 1998 CBM 065 [Psakhis,Lev] ½-½ (68)}) ({RR} 13... Rc8 14. Qd3 g6 15. Rad1 ({RR} 15. Bh6 Re8 16. Rad1) 15... Nd5 ({RR} 15... Re8 16. h4 Nd5 ({RR} 16... a6 17. Bb3 Na5 18. Ba2 b5 19. Ne5 Nd5 20. Bxd5 Bxd5 21. Bxe7 Rxe7 22. Nxd5 Qxd5 23. Ng4) 17. Nxd5 exd5 18. b4 Bxg5 19. hxg5) 16. Bh6 Re8 17. Ba4 a6 18. Nxd5 Qxd5 19. Qe3 Bf6 20. b3 ({RR} 20. Bb3 Qd7 21. d5 exd5 22. Qxb6 Rxe1+ 23. Rxe1 Bxb2 24. Bxd5 Bg7 25. Bxg7 Kxg7 26. h4) 20... Qh5 21. d5 Nd8 22. d6 Rc5 23. d7 Re7 24. Qf4 Bg7 25. Qb8 Qxh6 26. Qxd8+ Bf8 27. Re3 Bc6 28. Qxf8+) ({RR} 13... Nd5 14. Qd3 g6 15. h4 ({RR} 15. Bh6) 15... Bxg5 16. hxg5 Nxc3 17. Qxc3 Rc8 18. Qe3 Na5) ({RR} 13... Qd6 14. Qd3 g6 15. Rad1 Rad8 16. h4 Ng4 17. d5 Bxg5 18. hxg5 Qc5 19. Ne4 Qxd5 20. Qc3 Qb5 21. Nd6 Rxd6 22. Rxd6 Rc8 23. Red1 Qc5 24. Qxc5 bxc5 25. Be4 Kg7 26. Rc1 Na5 27. Bxb7 Nxb7 28. Rd7 {Soltanici,R (2339)-Norowitz,Y (2402) chess.com INT 2024 1-0 (49)}) 14. Qd2 Rc8 15. Qf4 Nh5 $146 ({RR} 15... Re8 16. Rad1 h6 17. Bxf6 Bxf6 18. d5 exd5 19. Rxe8+ Qxe8 20. Qf5 Bxc3 21. Qh7+ Kf8 22. bxc3 Ne5 23. Nd4 Ng6 24. h4 h5 25. Bf5 Rxc3 26. Ne6+ fxe6 27. Bxg6 Qc6 28. Qh8+ Ke7 29. Qxg7+ Kd6 30. Re1 {Szabo,L-Unzicker,W Amsterdam 1954 1-0 (39)}) ({RR} 15... Bc4 16. Qh4 a6 17. Rad1 Bd5 18. Ne5 Nd7 19. Bxe7 Nxe7 20. Re3 Nf5 21. Qxd8 Rfxd8 22. Bxf5 Nxe5 23. Bxe6 Nf3+ 24. gxf3 fxe6 25. Nxd5 exd5 26. Re7 Rc2 27. Rde1 Rf8 28. Ra7 Rxf3 29. Re8+ Rf8 30. Rxf8+ {Piccoli,L (2065)-Lage,P (2129) Timbo 2021 ½-½ (87)}) 16. Qg4 Bxg5 17. Qxh5 Bh6 18. d5 exd5 19. Bf5 Rb8 20. Nxd5 Bc8 21. Bxc8 Rxc8 22. Rad1 Re8 23. Ne7+ Rxe7 24. Rxd8+ Rxd8 25. Rxe7 Nxe7 26. g3 Ng6 27. Qf5 Ne7 28. Qe5 Nd5 29. Nd4 g6 30. Nc6 Bg7 31. Qe2 Rd6 32. Qe8+ Bf8 33. Ne5 1-0

[Event "EU-ch 6th"]
[Site "Warsaw"]
[Date "2005.06.19"]
[Round "2"]
[White "Volkov, Sergey"]
[Black "Carlsen, Magnus"]
[Result "1/2-1/2"]
[WhiteElo "2634"]
[BlackElo "2548"]
[PlyCount "77"]
[EventDate "2005.06.18"]
[EventType "swiss"]
[EventRounds "13"]
[EventCountry "POL"]
[SourceTitle "CBM 108"]
[Source "ChessBase"]
[SourceDate "2005.09.26"]
[SourceVersion "1"]
[SourceVersionDate "2005.09.26"]
[SourceQuality "1"]

1. d4 d5 2. c4 c6 3. Nc3 Nf6 4. e3 e6 5. Nf3 Nbd7 6. Qc2 h6 7. Bd2 Bb4 8. a3 Ba5 9. Bd3 O-O 10. O-O Re8 $146 ({RR} 10... Bc7 11. Rad1 dxc4 12. Bxc4 Qe7 13. Ne2 Rd8 14. Ng3 b6 15. e4 Nf8 16. e5 Nd5 17. Nh5 Ng6 18. Qc1 Kh7 19. Rfe1 Rh8 20. Re4 Bd7 21. Rg4 Bd8 22. Bd3 Qf8 23. h4 Be8 24. Ng3 f5 25. exf6 {Pedersen,S (2446)-Hansen,L (2565) Germany 2006 1-0 (61)}) 11. Rad1 e5 12. dxe5 Nxe5 13. Nxe5 Rxe5 14. cxd5 Nxd5 15. Nxd5 Rxd5 16. Bxa5 Qxa5 17. Bc4 Rxd1 18. Rxd1 Bf5 19. e4 Bg6 20. Bf1 Rd8 21. Qc3 Qb6 22. Rxd8+ Qxd8 23. Qe3 b6 24. b4 Qe7 25. f3 Qe5 26. Qd3 c5 27. g3 Kh7 28. bxc5 Qxc5+ 29. Kg2 f5 30. exf5 Bxf5 31. Qb3 Qd4 32. g4 Qd2+ 33. Kg3 Qe1+ 34. Kg2 Qd2+ 35. Kg3 Qe1+ 36. Kg2 Qd2+ 37. Kg3 Qe1+ 38. Kg2 Qd2+ 39. Kg3 1/2-1/2

[Event "EU-ch 6th"]
[Site "Warsaw"]
[Date "2005.06.20"]
[Round "3"]
[White "Carlsen, Magnus"]
[Black "Efimenko, Zahar"]
[Result "1/2-1/2"]
[WhiteElo "2548"]
[BlackElo "2620"]
[PlyCount "48"]
[EventDate "2005.06.18"]
[EventType "swiss"]
[EventRounds "13"]
[EventCountry "POL"]
[SourceTitle "CBM 108"]
[Source "ChessBase"]
[SourceDate "2005.09.26"]
[SourceVersion "1"]
[SourceVersionDate "2005.09.26"]
[SourceQuality "1"]

1. d4 Nf6 2. c4 e6 3. Nf3 b6 4. g3 Ba6 5. b3 Bb4+ 6. Bd2 Be7 7. Nc3 O-O 8. Rc1 Bb7 9. Bg2 d5 10. cxd5 Nxd5 11. Nxd5 Bxd5 12. Qc2 Nc6 $146 ({RR} 12... c5 13. dxc5 Bxc5 14. O-O h6 15. Rfd1 Qe7 16. Bc3 Ba3 17. Bb2 {½-½ (17) Chytilek,R (2400)-Laznicka,V (2525) Czech Republic 2006}) 13. e4 Nb4 14. Qb1 Bb7 15. O-O c5 16. Bxb4 cxb4 17. Rfd1 Rc8 18. Rxc8 Qxc8 19. Ne5 Qc7 20. Nc4 Rd8 21. Ne3 g6 22. e5 Bxg2 23. Kxg2 Qc6+ 24. Kg1 Qf3 1/2-1/2

[Event "EU-ch 6th"]
[Site "Warsaw"]
[Date "2005.06.21"]
[Round "4"]
[White "Carlsen, Magnus"]
[Black "Movsesian, Sergei"]
[Result "1/2-1/2"]
[WhiteElo "2548"]
[BlackElo "2628"]
[PlyCount "104"]
[EventDate "2005.06.18"]
[EventType "swiss"]
[EventRounds "13"]
[EventCountry "POL"]
[SourceTitle "CBM 108"]
[Source "ChessBase"]
[SourceDate "2005.09.26"]
[SourceVersion "1"]
[SourceVersionDate "2005.09.26"]
[SourceQuality "1"]

1. d4 Nf6 2. c4 g6 3. Nc3 Bg7 4. e4 d6 5. Nf3 O-O 6. Be2 e5 7. O-O c6 8. Re1 Na6 9. Bf1 Bg4 10. d5 Ne8 ({RR} 10... cxd5 11. cxd5 Ne8 12. Be2 Bd7 13. a3 Nac7 14. Qb3 b5 15. Bg5 f6 16. Bd2 f5 17. Ng5 Qe7 18. Ne6 Nxe6 19. dxe6 Bxe6 20. Qxb5 Nf6 21. Qd3 fxe4 22. Nxe4 d5 23. Ng5 Bf5 24. Bb4 Qxb4 25. axb4 {Ftacnik,L (2608)-Shirov,A (2746) Germany 2001 ½-½ (34)}) 11. Be2 Bd7 12. Bg5 $146 ({RR} 12. dxc6 bxc6 13. a3 Nc5 14. Bg5 f6 15. Be3 Ne6 16. c5 Nxc5 17. Bxc5 dxc5 18. Na4 Nc7 19. Nxc5 Be8 20. Bc4+ Bf7 21. Qa4 Nb5 22. Rac1 Qe7 23. Nb3 Nd6 24. Bxf7+ Nxf7 25. Rxc6 Rab8 26. Rc2 f5 {Epishin,V (2583)-Reschke,S (2376) Baunatal 2001 1-0 (39)}) ({RR} 12. Rb1 c5 13. a3 f5 14. b4 Nf6 15. Ng5 b6 16. Nb5 Qe7 17. Bf3 Rfc8 18. Qd3 Nc7 19. Nxc7 Rxc7 20. Bd2 h6 21. Ne6 Bxe6 22. dxe6 f4 23. Bxf4 {½-½ (23) Andersson,F (2286)-Namini,A (2180) Sweden 2017}) ({RR} 12. Rb1 c5 13. a3 f5 14. b4 Nf6 15. Nd2 Bh6 16. Bd3 Nh5 17. exf5 Nf4 18. Nde4 Nxd3 19. Bxh6 Nxe1 20. Bxf8 Qxf8 21. fxg6 Nxg2 22. Qh5 Qg7 23. Qxh7+ Kf8 24. Kxg2 Bf5 25. Qxg7+ Kxg7 26. bxc5 Nxc5 {Oms Pallisse,J (2150)-Brancaleoni,M (2195) Vejen 1993 1-0 (47)}) 12... f6 13. dxc6 Bxc6 14. Be3 f5 15. b4 f4 16. Bc1 Nxb4 17. Qb3 a5 18. c5+ Kh8 19. cxd6 Nxd6 20. Bb2 Qe7 21. Bf1 Qf7 22. Rad1 Qxb3 23. axb3 Rad8 24. Ba3 h6 25. Rd2 Nf7 26. Red1 Rxd2 27. Rxd2 Rd8 28. Rxd8+ Nxd8 29. Bc4 Bf6 30. Bxb4 axb4 31. Nd5 Kg7 32. Nd2 b5 33. Be2 Ne6 34. Nxb4 Be8 35. Nd5 Nd4 36. Bd1 Bd8 37. Nf3 Nxf3+ 38. Bxf3 Kf8 39. Be2 Bc6 40. b4 Be7 41. Nxe7 Kxe7 42. f3 g5 43. g4 fxg3 44. hxg3 h5 45. Kh2 Kd6 46. Kh3 Bd7+ 47. g4 Kc6 48. Kg3 h4+ 49. Kf2 Be6 50. Bf1 Bc4 51. Bh3 Kd6 52. Ke3 Ke6 1/2-1/2